OCDE Etudes Economiques

Salvato in:
Dettagli Bibliografici
Natura: Periodico
Lingua:francese
Pubblicazione: Paris Organisation dé Coopération et de Développement Économiques 1984
Tags: Aggiungi Tag
Nessun Tag, puoi essere il primo ad aggiungerne!!

MARC

LEADER 00000nas2a2200000 4500
001 s107253
005 20250730114159.5
041 0 |a fre 
044 |a FR 
245 1 0 |a OCDE Etudes Economiques 
264 1 |a Paris  |b Organisation dé Coopération et de Développement Économiques  |c 1984 
300 |a 1 zv. 
773 0 |w eu_un_cat*s120982